| 000 | 01177cam a22003497a 4500 | ||
|---|---|---|---|
| 003 | CHAP | ||
| 005 | 20220817042545.0 | ||
| 008 | 971013s1956 r 00010 d | ||
| 010 | _a48043 | ||
| 011 | _a49015 | ||
| 035 | _a53163 | ||
| 040 | _cCHAP | ||
| 082 |
_a636.2 _bF3 |
||
| 110 | _aFAO | ||
| 245 | 0 | _aUltimas novedades de la industria pecuaria en las Américas | |
| 260 |
_aRoma : _bFAO, _c1956 |
||
| 300 |
_a195 p. _b: ilus. |
||
| 490 | 0 |
_aFAO. Cuadernos de fomento agropecuario _v; 55 |
|
| 590 |
_aBATCH-UPD _b10 _c20130110 _lUCH01 _h1918 |
||
| 590 |
_aBATCH-UPD _b10 _c20130410 _lUCH01 _h1244 |
||
| 590 |
_aBATCH-UPD _b10 _c20130914 _lUCH01 _h1352 |
||
| 590 |
_aCONVERSION _b10 _c20130109 _lUCH01 _h1326 |
||
| 650 | 1 | 4 |
_aGanadería _xAmérica Latina. _944610 |
| 650 | 1 | 4 |
_aIndustrias pecuarias _xAmérica Latina. _958024 |
| 700 | 0 |
_aPhillips, Ralph W. _987831 |
|
| 830 | 0 |
_aFAO. Cuadernos de fomento agropecuario _v; 55 _939507 |
|
| 901 | _aBK | ||
| 942 | _cLIBRO | ||
| 949 |
_a636.2 F3 _bBC _cFAO _d-118061 _eFAO1 _h24509 _i53163 _si |
||
| 949 |
_a636.2 F3 _bBC _cFAO _d-118063 _eFAO2 _fc.2 _h24510 _i53163 _si |
||
| 949 |
_a636.2 F3 _bBC _cFAO _d-118064 _eFAO2 _fc.3 _h17028 _i53163 _si |
||
| 999 |
_c48043 _d48043 |
||